Statistics for Bowl History - Rose Bowl

Click here to take the quiz!

General Stats

  • This quiz has been taken 376 times
    (275 since last reset)
  • The average score is 90 of 105

Answer Stats

HintAnswer% Correct
1927Stanford or Alabama (tie)
98%
1950 | 1955 | 1958 | +5 othersOhio State
95%
1923 | 1930 | 1932 | +22 othersUSC
95%
1902 | 1948 | 1951 | +5 othersMichigan
94%
1917 | 2012 | 2015Oregon
93%
1966 | 1976 | 1983 | +2 othersUCLA
92%
1926 | 1931 | 1935 | 1946Alabama
91%
1924Washington or Navy (tie)
91%
1960 | 1961 | 1978 | +4 othersWashington
90%
1954 | 1956 | 1988 | 2014Michigan State
89%
1928 | 1936 | 1941 | +4 othersStanford
86%
2005 | 2006Texas
86%
1995Penn State
85%
1957 | 1959Iowa
84%
2003Oklahoma
84%
1994 | 1999 | 2000Wisconsin
84%
1916Washington State
81%
1987Arizona State
80%
1921 | 1938California
80%
1922California or Washington & Jefferson (tie)
80%
1943 | 2018Georgia
80%
1942Oregon State
78%
1962Minnesota
76%
1947 | 1952 | 1964Illinois
73%
1925Notre Dame
70%
2002Miami (FL)
69%
1967Purdue
69%
1949Northwestern
65%
2011TCU
53%
1919Great Lakes - US Navy
50%
1929Georgia Tech
46%
1937Pittsburgh
42%
1920Harvard
40%
1934Columbia
21%
1918Mare Island - USMC
14%

Score Distribution

Percentile by Number Answered

Percent of People with Each Score

Your Score History

You have not taken this quiz since the last reset